00364nam a2200109Ia 4500008004100000082000800041100001600049245006900065942000600134952009900140999001500239240331s9999 xx 000 0 und d bUYA aUyangoda, J 0aWriting Research Proposals in the Social Sciences and Humanities cL 001040708LaWERCLbWERCLcSSCd2024-03-31l0o 300.72 UYA p6723r2024-03-31w2024-03-31yL c5666d5666